Russian electricity reform emerging challenges and opportunities

Salvato in:
Dettagli Bibliografici
Ente Autore: OECD. International Energy Agency
Natura: Libro
Lingua:inglese
Pubblicazione: Paris OECD 2005
Soggetti:
Tags: Aggiungi Tag
Nessun Tag, puoi essere il primo ad aggiungerne!!

MARC

LEADER 00000nam$a2200000$$$4500
001 0032426
005 20221129082937.8
020 |a 92-64-10943-9 
041 0 |a eng 
044 |a FR 
245 1 0 |a Russian electricity reform  |b emerging challenges and opportunities 
264 1 |a Paris  |b OECD  |c 2005 
300 |a 147 s. 
610 2 0 |a energetika 
610 2 0 |a elektrina 
610 2 0 |a reformy 
610 2 0 |a elektroenergetika 
610 2 0 |a Rusko 
610 2 0 |a sústava energetická 
610 2 0 |a bilancia energetická 
610 2 0 |a reštrukturalizácia 
610 2 0 |a regulácia 
710 2 |a OECD. International Energy Agency